Los bufones de Dios / (Registro nro. 3565)

Detalles MARC
000 -LEADER
fixed length control field 00780nam a2200193Ia 4500
003 - CONTROL NUMBER IDENTIFIER
control field OSt
005 - DATE AND TIME OF LATEST TRANSACTION
control field 20250505154420.0
008 - FIXED-LENGTH DATA ELEMENTS--GENERAL INFORMATION
fixed length control field 191128s1981 ck er 000 f und d
040 ## - CATALOGING SOURCE
Original cataloging agency CO-JMCR
Transcribing agency CO-JMCR
041 ## - LANGUAGE CODE
Language code of text/sound track or separate title spa
082 04 - DEWEY DECIMAL CLASSIFICATION NUMBER
Classification number A-N
Item number WESb
100 1# - MAIN ENTRY--PERSONAL NAME
Personal name West, Morris,
Dates associated with a name 1916-1999
9 (RLIN) 8310
245 10 - TITLE STATEMENT
Title Los bufones de Dios /
Statement of responsibility, etc. Morris West
260 ## - PUBLICATION, DISTRIBUTION, ETC.
Place of publication, distribution, etc. Bogotá :
Name of publisher, distributor, etc. Círculo de lectores,
Date of publication, distribution, etc. 1981
300 ## - PHYSICAL DESCRIPTION
Extent 474 páginas ;
Dimensions 20 cm.
520 ## - SUMMARY, ETC.
Summary, etc. Narra la historia de Gregorio XVII, un papa “bueno” que, de repente, recibe una revelación particular sobre el inminente fin del mundo. Sus “hermanos en Cristo”, el colegio cardenalicio, le obligan a abdicar, cosa que él hace con resignación cristiana. “S
650 14 - SUBJECT ADDED ENTRY--TOPICAL TERM
Topical term or geographic name entry element Novela estadounidense
9 (RLIN) 8316
942 ## - ADDED ENTRY ELEMENTS (KOHA)
Source of classification or shelving scheme Dewey Decimal Classification
Koha item type Books
Existencias
Withdrawn status Lost status Source of classification or shelving scheme Damaged status Not for loan Collection code Home library Current library Date acquired Source of acquisition Total Checkouts Total Renewals Full call number Barcode Date last seen Date last checked out Copy number Koha item type
    Dewey Decimal Classification     Fiction Biblioteca Pública José María del Castillo y Rada Biblioteca Pública José María del Castillo y Rada 11/28/2019 Donación 2 1 A-N WESb 201807429 04/22/2026 04/08/2026 Ej.1 Books